Land law and conveyancing in Kenya / (Record no. 264861)
[ view plain ]
| 000 -LEADER | |
|---|---|
| fixed length control field | 00908cam a2200277 a 4500 |
| 001 - CONTROL NUMBER | |
| control field | 15768004 |
| 003 - CONTROL NUMBER IDENTIFIER | |
| control field | OSt |
| 005 - DATE AND TIME OF LATEST TRANSACTION | |
| control field | 20250505103639.0 |
| 008 - FIXED-LENGTH DATA ELEMENTS--GENERAL INFORMATION | |
| fixed length control field | 090609s200u ke b 001 0 eng |
| 010 ## - LIBRARY OF CONGRESS CONTROL NUMBER | |
| LC control number | 2009349613 |
| 020 ## - INTERNATIONAL STANDARD BOOK NUMBER | |
| International Standard Book Number | 9966723773 |
| 040 ## - CATALOGING SOURCE | |
| Original cataloging agency | DLC |
| Transcribing agency | DLC |
| Modifying agency | DLC |
| 042 ## - AUTHENTICATION CODE | |
| Authentication code | lcode |
| 043 ## - GEOGRAPHIC AREA CODE | |
| Geographic area code | f-ke--- |
| 050 00 - LIBRARY OF CONGRESS CALL NUMBER | |
| Classification number | KSK658 |
| Item number | .O53 2013 |
| 100 1# - MAIN ENTRY--PERSONAL NAME | |
| Personal name | Onalo, P. L. |
| 245 10 - TITLE STATEMENT | |
| Title | Land law and conveyancing in Kenya / |
| Statement of responsibility, etc | P.L. Onalo. |
| 260 ## - PUBLICATION, DISTRIBUTION, ETC. (IMPRINT) | |
| Place of publication, distribution, etc | Nairobi : |
| Name of publisher, distributor, etc | LawAfrica, |
| Date of publication, distribution, etc | [c2013] |
| 300 ## - PHYSICAL DESCRIPTION | |
| Extent | xvi, 319 p. ; |
| Dimensions | 26 cm. |
| 504 ## - BIBLIOGRAPHY, ETC. NOTE | |
| Bibliography, etc | Includes bibliographical references (p. [297]-298) and index. |
| 650 #0 - SUBJECT ADDED ENTRY--TOPICAL TERM | |
| Topical term or geographic name as entry element | Real property |
| Geographic subdivision | Kenya. |
| Topical term or geographic name as entry element | Conveyancing |
| Geographic subdivision | Kenya. |
| 906 ## - LOCAL DATA ELEMENT F, LDF (RLIN) | |
| a | 7 |
| b | cbc |
| c | origode |
| d | 2 |
| e | ncip |
| f | 20 |
| g | y-gencatlg |
| 942 ## - ADDED ENTRY ELEMENTS (KOHA) | |
| Source of classification or shelving scheme | Library of Congress Classification |
| Koha item type | Long Loan Books |
| Withdrawn status | Lost status | Source of classification or shelving scheme | Damaged status | Not for loan | Collection code | Home library | Current library | Shelving location | Date acquired | Source of acquisition | Total Checkouts | Full call number | Barcode | Date last seen | Price effective from | Koha item type |
|---|---|---|---|---|---|---|---|---|---|---|---|---|---|---|---|---|
| Library of Congress Classification | Non-fiction | Rongo University Library | Law Library | General Stacks | 25/04/2025 | Donation by David Maraga, former Chief Justice | KSK658 .O53 2013 | 202501244 | 05/05/2025 | 05/05/2025 | Long Loan Books | |||||
| Library of Congress Classification | Non-fiction | Rongo University Library | Law Library | General Stacks | 08/05/2026 | KSK658 .O53 2013 | 20260175 | 08/05/2026 | 08/05/2026 | Long Loan Books | ||||||
| Library of Congress Classification | Non-fiction | Rongo University Library | Law Library | General Stacks | 08/05/2026 | KSK658 .O53 2013 | 20260176 | 08/05/2026 | 08/05/2026 | Long Loan Books |
